Quizzes
Events
Quiz Creation
Community
Videos
Private Events
Remove Ads
Sign In
Join for FREE
Feedback
Dark Mode
Quiz Categories
Sports
Geography
Music
Movies
Television
Just For Fun
Miscellaneous
History
Literature
Language
Science
Gaming
Entertainment
Religion
Holiday
For Kids
Quiz Lab
Recent
Popular Today
Quiz Kudos Today
Editor Picks
Curator Picks
Quizzes by...
Day
Popularity
Type
Ratings
Length
Year
Community
Subscriptions
Recent Discussions
Orange Saloon
Badges
Playlists
Quests
Create
Leaderboards
Showdown
Live 5
Trivia Bingo
Activity
Puzzle Library
Sporcle Events
Private Events
Virtual Trivia
Globe League
Become a Host
Pub Owners
SporcleCon
Opinionation
Our Games
Videos
Blog
Mobile Apps
Partnerships
Remove Ads and Go Orange
Feedback
Sports
Athletes
MLB
NBA
NHL
NFL
Soccer
Sports Teams
WWE
NCAA
Football
Premier League
Basketball
Baseball
Hockey
Golf
Tennis
Cricket
Rugby
Auto Racing
Olympics
World Cup
Sports
Athletes
MLB
NBA
NHL
NFL
Soccer
Sports Teams
WWE
NCAA
Football
Premier League
Basketball
Baseball
Hockey
Golf
Tennis
Cricket
Rugby
Auto Racing
Olympics
World Cup
Random Quiz
Search Sporcle
×
Quiz Lab
Quiz Lab
Sports
Soccer
Type in answers that appear in a list
Type in answers that appear in a list
Classic
Best Score? Go Orange.
Premier League Player of the Month Stats
Can you name the answers to these Premier League Player of the Month related questions?
By
LiamC18
12m
90 Questions
285 Plays
285 Plays
285 Plays
Comments
Comments
Give Quiz Kudos
Give Quiz Kudos
-
- Ratings
hide this ad
Replay
Link that replays current quiz
Next Quiz
Link to next quiz in quiz playlist
You Got
0%
They Got
Avg Score
57%
Avg Friend Score
Upgrade to see
Score Distribution
Jump to the score distribution portion of the page
Score
0/90
Timer
12:00
0
Plays Today
% Correct
England
95.8%
France
91.2%
Manchester United
90.9%
Arsenal
88.8%
Chelsea
88.8%
Wayne Rooney
88.4%
Thierry Henry
87%
Scotland
87%
Liverpool
87%
Ryan Giggs
86.7%
Cristiano Ronaldo
86%
Spain
85.6%
Wales
85.6%
Republic of Ireland
85.3%
Frank Lampard
84.2%
Steven Gerrard
82.8%
Everton
81.4%
Manchester City
81.4%
Alan Shearer
81.1%
Tottenham Hotspur
80%
Netherlands
78.2%
Portugal
78.2%
Newcastle United
77.9%
Paul Scholes
77.2%
Germany
76.5%
Brazil
76.1%
Aston Villa
76.1%
Italy
75.8%
Argentina
72.6%
Robbie Keane
71.6%
% Correct
Roy Keane
71.6%
West Ham United
70.9%
Blackburn Rovers
68.8%
Sunderland
67%
Leeds United
66.7%
Rob Lee
64.9%
Fulham
64.6%
Dennis Bergkamp
63.9%
Russia
62.5%
Sweden
62.5%
Bolton Wanderers
62.5%
Ruud van Nistelrooy
61.4%
Birmingham City
61.4%
Fernando Torres
59.3%
Southampton
59.3%
Dwight Yorke
58.2%
Australia
57.2%
West Bromwich Albion
56.5%
Robbie Fowler
55.8%
Teddy Sheringham
54%
Nicolas Anelka
51.9%
Robin van Persie
51.2%
Dimitar Berbatov
51.2%
Middlesbrough
50.9%
Nigeria
50.5%
Gianfranco Zola
47.7%
Portsmouth
47.7%
Cesc Fabregas
47%
Matt Le Tissier
44.9%
Bulgaria
44.9%
% Correct
Ghana
44.6%
Charlton Athletic
43.2%
Leicester City
43.2%
Queens Park Rangers
42.5%
Derby County
42.1%
Ipswich Town
42.1%
Coventry City
41.4%
Hull City
41.4%
Serbia
41.1%
Sheffield Wednesday
40%
Finland
39.6%
Crystal Palace
39.3%
Czech Republic
38.2%
Chris Sutton
36.1%
Wimbledon
34.7%
Andy Johnson
34.4%
Trinidad and Tobago
33.7%
Austria
33.7%
Turkey
32.6%
Ashley Young
29.8%
Dion Dublin
28.1%
David Ginola
27.7%
Paraguay
21.4%
James Beattie
20.7%
Jamaica
16.8%
Danny Murphy
15.8%
Tony Yeboah
14.7%
Costa Rica
10.2%
Peter Odemwingie
9.8%
Tim Flowers
6.3%
Quiz Playlist
Details
Report
Send in Message
Add To Playlist
Classic:
Type in answers that appear in a list
Quiz Source
Last Updated: Feb 16, 2017
Quiz Scoreboard
CHALLENGE
Sign Up to Join the Scoreboard
Show All
Scores
Hide
Comments
May contain spoilers
Recently Published
Movies - When Are They Set?
by FPL_Elf
Movies
5m
Popular People in 1961
by mucciniale
History
6m
1-10 Letter E Words III
by El_Dandy
Language
2m
More to Explore
Quiz From the Vault
Featured Blog Post
Where Did the Easter Bunny Come From?
hide this ad
You Might Also Like...
Tags
Football Quiz
Premier League Quiz
Soccer Quiz
Award
Awards Winners
Football Award
Football Clubs
Today's Top Quizzes in Sports
Browse Sports
hide this ad
Today's Top Quizzes in Soccer
Browse Soccer
Top Contributed Quizzes in Sports
1
Les meilleurs buteurs des matchs entre le PSG et l’OM
2
FIFA Club World Cup Champions
3
Les entraîneurs de l'OM et du PSG au 21e siècle
4
2022 World Cup Stars
5
Name the Premier League winners with different clubs
6
La finale Lions - Afrique du Sud 2021
7
Criteria MLB: Left Handed Sluggers
8
Les joueurs passés par le LOSC et le RC Lens
9
Players with Multiple 50 Home Run Seasons
10
MLB Players with Two .350 Batting Average Seasons
Explore More
Trending Topics
Anime
Kpop
NBA
Marvel
Harry Potter
Crossword
Disney
Country
WWE
Pokémon
Song
Soccer
The Office
Puzzle
NFL
hide this ad
More By:
LiamC18
Quiz
Plays
Rating
Category
Featured
Created
Arsenal Squads 1992-2019
5,841
4.67
Sports
May 6, 2011
Premier League Who Wants To Be A Millionaire
5,285
3.00
Sports
May 22, 2011
Arsene Wenger's Arsenal Signings
5,055
4.78
Sports
Oct 22, 2011
History of the Champions League
3,224
4.06
Sports
May 11, 2011
Football's Top Earners
646
4.40
Sports
May 28, 2011
Go to Creator's Profile
Score Distribution
Quiz Creator Spotlight
LiamC18
Follow
Send a Message
Quizzes Created
-
Created Quiz Play Count
-
More By This Creator
Popular Quizzes Today
1
Find the Countries of Europe - No Outlines Minefield
2
Find the US States - No Outlines Minefield
3
The Countries of the World
4
Popular People in 1961
5
1-10 Letter E Words III
6
US States
7
Find the US States
8
One Thing in Common: World Cities II
More Sports Quizzes
MLB: Greatest Designated Hitters by Decade, 1973-2021
Curator's Pick
Trending Quizzes
Risky Map Clicking: Least Populous States A-Z
Humor Books: The Subtitles
1-10 Letter F Words
1-10 Letter G Words
One Thing in Common: United Kingdom
Recently Updated
Leaping Animals
pecheneg
Reality TV Shows (A-Z)
bhenderson79
Rickey Henderson's Hall of Fame Teammates
pecheneg
Champions League XIs: Arsenal
pecheneg
Quick Pick: Celebrities in WWE's Hall of Fame
aduchscher
A-Z Keypad Blitz II
pecheneg
Multiple Oscar Actors
pecheneg
Mystery Phrase Blitz: Oscar 'Best Actors'
pecheneg
F. Scott Fitzgerald Novels
LTH
Pick 3 Villains
ddd62291
Trending Topics
Marvel
Crossword
Disney
Anime
Kpop
NBA
Harry Potter
Song
The Office
WWE
Pokémon
Puzzle
NFL
Country
Soccer
Your Account Isn't Verified!
In order to create a playlist on Sporcle, you need to verify the email address you used during registration. Go to your
Sporcle Settings
to finish the process.
Report this User
Report this user for behavior that violates our
Community Guidelines
.
Details:
Send Report
Go to the Sporcle.com Mobile Site →
Comments